[Event "DEM U12 2023"]
[Site "Willingen GER"]
[Date "2023.05.28"]
[Round "2"]
[White "Nezhyvenko, Mykhaylo"]
[Black "Junge, Mattheo Gabriel"]
[Result "1-0"]
[Termination "normal"]
[Board "13"]
[WhiteElo "1787"]
[BlackElo "1302"]
[WhiteClock "01:26:58"]
[BlackClock "00:49:47"]
[PlyCount "75"]
[WhiteFideId "34139885"]
[BlackFideId "34605908"]
[EventCountry "GER"]
[EventRounds "9"]
[EventType "swiss"]
[EventDate "2023.05.27"]

1. e4 {[%clk 01:30:45]} {[%emt 00:00:08]} c6 {[%clk 01:30:39]} {[%emt
00:00:21]} 2. d4 {[%clk 01:30:23]} {[%emt 00:00:52]} d5 {[%clk 01:30:36]}
{[%emt 00:00:33]} 3. e5 {[%clk 01:30:30]} {[%emt 00:00:23]} Bf5 {[%clk
01:30:30]} {[%emt 00:00:36]} 4. g4 {[%clk 01:30:28]} {[%emt 00:00:32]} Be4
{[%clk 01:30:32]} {[%emt 00:00:27]} 5. f3 {[%clk 01:30:56]} {[%emt 00:00:03]}
Bg6 {[%clk 01:30:51]} {[%emt 00:00:10]} 6. e6 {[%clk 01:31:21]} {[%emt
00:00:06]} Nf6 {[%clk 01:30:05]} {[%emt 00:01:15]} 7. h4 {[%clk 01:29:01]}
{[%emt 00:02:51]} fxe6 {[%clk 01:28:47]} {[%emt 00:01:47]} 8. h5 {[%clk
01:29:21]} {[%emt 00:00:11]} Bf7 {[%clk 01:29:05]} {[%emt 00:00:10]} 9. f4
{[%clk 01:28:31]} {[%emt 00:01:21]} Nbd7 {[%clk 01:26:12]} {[%emt 00:03:22]}
10. g5 {[%clk 01:28:07]} {[%emt 00:00:56]} Ne4 {[%clk 01:26:10]} {[%emt
00:00:31]} 11. Bg2 {[%clk 01:28:22]} {[%emt 00:00:15]} Ng3 {[%clk 01:23:11]}
{[%emt 00:03:28]} 12. Rh3 {[%clk 01:28:43]} {[%emt 00:00:11]} Nf5 {[%clk
01:23:29]} {[%emt 00:00:11]} 13. Nf3 {[%clk 01:28:02]} {[%emt 00:01:11]} g6
{[%clk 01:21:38]} {[%emt 00:02:19]} 14. h6 {[%clk 01:28:01]} {[%emt 00:00:33]}
Qb6 {[%clk 01:21:40]} {[%emt 00:00:26]} 15. c3 {[%clk 01:27:56]} {[%emt
00:00:36]} c5 {[%clk 01:21:11]} {[%emt 00:00:59]} 16. Qa4 {[%clk 01:27:01]}
{[%emt 00:01:25]} cxd4 {[%clk 01:19:44]} {[%emt 00:01:57]} 17. Ne5 {[%clk
01:24:41]} {[%emt 00:02:50]} Rd8 {[%clk 01:18:52]} {[%emt 00:01:21]} 18. Nd2
{[%clk 01:24:20]} {[%emt 00:00:52]} Ne3 {[%clk 01:17:03]} {[%emt 00:02:15]} 19.
Rxe3 {[%clk 01:23:55]} {[%emt 00:00:58]} dxe3 {[%clk 01:16:25]} {[%emt
00:01:07]} 20. Ndf3 {[%clk 01:23:54]} {[%emt 00:00:32]} e2 {[%clk 01:09:51]}
{[%emt 00:07:04]} 21. Kxe2 {[%clk 01:23:58]} {[%emt 00:00:26]} Qa6+ {[%clk
01:08:54]} {[%emt 00:01:26]} 22. Qxa6 {[%clk 01:24:27]} {[%emt 00:00:02]} bxa6
{[%clk 01:09:18]} {[%emt 00:00:06]} 23. Be3 {[%clk 01:24:33]} {[%emt 00:00:24]}
Rb8 {[%clk 01:07:15]} {[%emt 00:02:33]} 24. Nxd7 {[%clk 01:24:44]} {[%emt
00:00:20]} Kxd7 {[%clk 01:07:35]} {[%emt 00:00:10]} 25. Ne5+ {[%clk 01:25:02]}
{[%emt 00:00:13]} Ke8 {[%clk 01:07:56]} {[%emt 00:00:08]} 26. b4 {[%clk
01:25:20]} {[%emt 00:00:12]} Bxh6 {[%clk 01:03:34]} {[%emt 00:04:51]} 27. gxh6
{[%clk 01:25:49]} {[%emt 00:00:02]} g5 {[%clk 01:03:51]} {[%emt 00:00:14]} 28.
fxg5 {[%clk 01:26:00]} {[%emt 00:00:18]} Bh5+ {[%clk 01:04:03]} {[%emt
00:00:16]} 29. Kd2 {[%clk 01:26:21]} {[%emt 00:00:11]} Rf8 {[%clk 01:01:19]}
{[%emt 00:03:13]} 30. Bh3 {[%clk 01:26:07]} {[%emt 00:00:44]} d4 {[%clk
00:55:15]} {[%emt 00:06:33]} 31. Bxd4 {[%clk 01:26:27]} {[%emt 00:00:12]} Rd8
{[%clk 00:55:17]} {[%emt 00:00:25]} 32. Ke3 {[%clk 01:26:49]} {[%emt 00:00:10]}
Rd6 {[%clk 00:54:20]} {[%emt 00:01:24]} 33. g6 {[%clk 01:26:35]} {[%emt
00:00:46]} hxg6 {[%clk 00:53:21]} {[%emt 00:01:28]} 34. Rf1 {[%clk 01:25:56]}
{[%emt 00:01:10]} Rh8 {[%clk 00:50:30]} {[%emt 00:03:20]} 35. Nf7 {[%clk
01:26:13]} {[%emt 00:00:13]} Rxd4 {[%clk 00:49:23]} {[%emt 00:01:37]} 36. cxd4
{[%clk 01:26:26]} {[%emt 00:00:17]} Rh7 {[%clk 00:49:31]} {[%emt 00:00:20]} 37.
Bxe6 {[%clk 01:26:38]} {[%emt 00:00:19]} g5 {[%clk 00:49:47]} {[%emt 00:00:15]}
38. Rc1 {[%clk 01:26:58]} {[%emt 00:00:10]} 1-0

[Event "DEM U12 2023"]
[Site "Willingen GER"]
[Date "2023.05.28"]
[Round "2"]
[White "Buchinger, Alexis"]
[Black "Shevchenko, Igor"]
[Result "1-0"]
[Termination "normal"]
[Board "14"]
[WhiteElo "1943"]
[BlackElo "1432"]
[WhiteClock "00:07:42"]
[BlackClock "00:27:09"]
[PlyCount "75"]
[WhiteFideId "16287134"]
[BlackFideId "34634924"]
[EventCountry "GER"]
[EventRounds "9"]
[EventType "swiss"]
[EventDate "2023.05.27"]

1. e4 {[%clk 01:30:57]} {[%emt 00:00:02]} c6 {[%clk 01:30:56]} {[%emt
00:00:04]} 2. Nf3 {[%clk 01:31:12]} {[%emt 00:00:16]} d5 {[%clk 01:31:15]}
{[%emt 00:00:11]} 3. Nc3 {[%clk 01:31:38]} {[%emt 00:00:03]} Nf6 {[%clk
01:30:23]} {[%emt 00:01:23]} 4. e5 {[%clk 01:29:34]} {[%emt 00:02:34]} Nfd7
{[%clk 01:30:45]} {[%emt 00:00:08]} 5. d4 {[%clk 01:26:08]} {[%emt 00:03:56]}
e6 {[%clk 01:31:01]} {[%emt 00:00:14]} 6. Be3 {[%clk 01:24:20]} {[%emt
00:02:18]} Qb6 {[%clk 01:29:13]} {[%emt 00:02:12]} 7. a3 {[%clk 01:22:33]}
{[%emt 00:02:23]} c5 {[%clk 01:26:57]} {[%emt 00:02:47]} 8. Qd2 {[%clk
01:14:07]} {[%emt 00:08:55]} Nc6 {[%clk 01:16:49]} {[%emt 00:10:38]} 9. dxc5
{[%clk 01:07:44]} {[%emt 00:06:52]} Bxc5 {[%clk 01:14:07]} {[%emt 00:03:13]}
10. Bxc5 {[%clk 01:07:08]} {[%emt 00:01:05]} Qxc5 {[%clk 01:11:39]} {[%emt
00:02:57]} 11. Qg5 {[%clk 01:03:50]} {[%emt 00:03:49]} Kf8 {[%clk 01:09:31]}
{[%emt 00:02:36]} 12. Bd3 {[%clk 00:59:10]} {[%emt 00:05:11]} h6 {[%clk
01:08:55]} {[%emt 00:01:07]} 13. Qf4 {[%clk 00:56:12]} {[%emt 00:03:27]} d4
{[%clk 00:55:01]} {[%emt 00:14:25]} 14. Ne2 {[%clk 00:44:45]} {[%emt 00:11:57]}
Qa5+ {[%clk 00:52:42]} {[%emt 00:02:49]} 15. Qd2 {[%clk 00:41:57]} {[%emt
00:03:18]} Qb6 {[%clk 00:51:01]} {[%emt 00:02:12]} 16. O-O-O {[%clk 00:37:17]}
{[%emt 00:05:09]} Ndxe5 {[%clk 00:42:15]} {[%emt 00:09:16]} 17. Nxe5 {[%clk
00:31:09]} {[%emt 00:06:38]} Nxe5 {[%clk 00:41:36]} {[%emt 00:01:10]} 18. Be4
{[%clk 00:31:09]} {[%emt 00:00:29]} Ke7 {[%clk 00:38:36]} {[%emt 00:03:30]} 19.
Qxd4 {[%clk 00:30:53]} {[%emt 00:00:46]} Qxd4 {[%clk 00:37:00]} {[%emt
00:02:07]} 20. Rxd4 {[%clk 00:29:03]} {[%emt 00:02:20]} Nc6 {[%clk 00:36:19]}
{[%emt 00:01:11]} 21. Rc4 {[%clk 00:28:25]} {[%emt 00:01:08]} Bd7 {[%clk
00:35:30]} {[%emt 00:01:18]} 22. Rd1 {[%clk 00:24:46]} {[%emt 00:04:10]} Rhd8
{[%clk 00:32:50]} {[%emt 00:03:07]} 23. Nd4 {[%clk 00:21:44]} {[%emt 00:03:34]}
Rac8 {[%clk 00:32:22]} {[%emt 00:00:59]} 24. Nb5 {[%clk 00:13:46]} {[%emt
00:08:28]} a6 {[%clk 00:27:30]} {[%emt 00:05:23]} 25. Nd6 {[%clk 00:13:41]}
{[%emt 00:00:34]} Rc7 {[%clk 00:25:44]} {[%emt 00:02:16]} 26. Nxb7 {[%clk
00:12:41]} {[%emt 00:01:30]} Rb8 {[%clk 00:24:44]} {[%emt 00:01:28]} 27. Na5
{[%clk 00:11:28]} {[%emt 00:01:45]} Rbc8 {[%clk 00:24:59]} {[%emt 00:00:15]}
28. Rxd7+ {[%clk 00:07:30]} {[%emt 00:04:28]} Kxd7 {[%clk 00:25:21]} {[%emt
00:00:08]} 29. Bxc6+ {[%clk 00:06:46]} {[%emt 00:01:14]} Rxc6 {[%clk 00:25:36]}
{[%emt 00:00:15]} 30. Rxc6 {[%clk 00:07:05]} {[%emt 00:00:11]} Rxc6 {[%clk
00:26:03]} {[%emt 00:00:03]} 31. Nxc6 {[%clk 00:07:18]} {[%emt 00:00:17]} Kxc6
{[%clk 00:26:30]} {[%emt 00:00:03]} 32. Kd2 {[%clk 00:07:28]} {[%emt 00:00:20]}
g5 {[%clk 00:26:44]} {[%emt 00:00:16]} 33. g4 {[%clk 00:06:41]} {[%emt
00:01:16]} f5 {[%clk 00:27:04]} {[%emt 00:00:11]} 34. f3 {[%clk 00:06:29]}
{[%emt 00:00:42]} f4 {[%clk 00:26:45]} {[%emt 00:00:49]} 35. Kd3 {[%clk
00:06:44]} {[%emt 00:00:15]} Kd5 {[%clk 00:26:51]} {[%emt 00:00:24]} 36. c4+
{[%clk 00:07:08]} {[%emt 00:00:07]} Kd6 {[%clk 00:26:53]} {[%emt 00:00:28]} 37.
b4 {[%clk 00:07:20]} {[%emt 00:00:17]} e5 {[%clk 00:27:09]} {[%emt 00:00:14]}
38. Ke4 {[%clk 00:07:42]} {[%emt 00:00:08]} 1-0

[Event "DEM U12 2023"]
[Site "Willingen GER"]
[Date "2023.05.28"]
[Round "2"]
[White "Rau, Eduard"]
[Black "Vranckx, Oscar"]
[Result "0-1"]
[Termination "normal"]
[Board "15"]
[WhiteElo "1393"]
[BlackElo "1733"]
[WhiteClock "01:29:12"]
[BlackClock "01:40:41"]
[PlyCount "138"]
[WhiteFideId "16287231"]
[BlackFideId "34608788"]
[EventCountry "GER"]
[EventRounds "9"]
[EventType "swiss"]
[EventDate "2023.05.27"]

1. e4 {[%clk 01:30:59]} c5 {[%clk 01:30:49]} {[%emt 00:00:11]} 2. Ne2 {[%clk
01:31:23]} {[%emt 00:00:05]} Nc6 {[%clk 01:31:07]} {[%emt 00:00:12]} 3. Nbc3
{[%clk 01:31:48]} {[%emt 00:00:05]} e6 {[%clk 01:31:30]} {[%emt 00:00:07]} 4.
g3 {[%clk 01:32:14]} {[%emt 00:00:04]} d5 {[%clk 01:31:52]} {[%emt 00:00:08]}
5. exd5 {[%clk 01:32:20]} {[%emt 00:00:25]} exd5 {[%clk 01:32:12]} {[%emt
00:00:10]} 6. Bg2 {[%clk 01:32:42]} {[%emt 00:00:07]} Nf6 {[%clk 01:32:33]}
{[%emt 00:00:09]} 7. d3 {[%clk 01:32:58]} {[%emt 00:00:14]} Bg4 {[%clk
01:32:55]} {[%emt 00:00:08]} 8. h3 {[%clk 01:33:22]} {[%emt 00:00:06]} Be6
{[%clk 01:33:00]} {[%emt 00:00:25]} 9. O-O {[%clk 01:33:46]} {[%emt 00:00:07]}
Bd6 {[%clk 01:33:20]} {[%emt 00:00:10]} 10. Nf4 {[%clk 01:33:55]} {[%emt
00:00:21]} d4 {[%clk 01:33:29]} {[%emt 00:00:21]} 11. Nxe6 {[%clk 01:33:56]}
{[%emt 00:00:29]} fxe6 {[%clk 01:33:51]} {[%emt 00:00:08]} 12. Ne4 {[%clk
01:34:22]} {[%emt 00:00:04]} Nxe4 {[%clk 01:34:06]} {[%emt 00:00:13]} 13. Bxe4
{[%clk 01:34:47]} {[%emt 00:00:06]} Qf6 {[%clk 01:34:17]} {[%emt 00:00:19]} 14.
Qh5+ {[%clk 01:32:24]} {[%emt 00:02:53]} g6 {[%clk 01:34:37]} {[%emt 00:00:10]}
15. Bg5 {[%clk 01:30:52]} {[%emt 00:02:02]} Qg7 {[%clk 01:33:54]} {[%emt
00:01:13]} 16. Qf3 {[%clk 01:30:27]} {[%emt 00:00:52]} Ne5 {[%clk 01:33:39]}
{[%emt 00:00:49]} 17. Qf6 {[%clk 01:29:35]} {[%emt 00:01:20]} Qxf6 {[%clk
01:33:59]} {[%emt 00:00:11]} 18. Bxf6 {[%clk 01:30:04]} {[%emt 00:00:01]} Rf8
{[%clk 01:34:21]} {[%emt 00:00:08]} 19. Bxe5 {[%clk 01:30:09]} {[%emt
00:00:26]} Bxe5 {[%clk 01:34:44]} {[%emt 00:00:07]} 20. Bxb7 {[%clk 01:30:25]}
{[%emt 00:00:14]} Rb8 {[%clk 01:35:08]} {[%emt 00:00:05]} 21. Bc6+ {[%clk
01:30:43]} {[%emt 00:00:13]} Ke7 {[%clk 01:35:30]} {[%emt 00:00:07]} 22. b3
{[%clk 01:30:55]} {[%emt 00:00:19]} h5 {[%clk 01:35:30]} {[%emt 00:00:29]} 23.
f4 {[%clk 01:31:11]} {[%emt 00:00:14]} Bc7 {[%clk 01:35:26]} {[%emt 00:00:34]}
24. Rae1 {[%clk 01:31:17]} {[%emt 00:00:23]} Kd6 {[%clk 01:35:27]} {[%emt
00:00:29]} 25. Be4 {[%clk 01:31:23]} {[%emt 00:00:24]} Rg8 {[%clk 01:35:32]}
{[%emt 00:00:25]} 26. Kg2 {[%clk 01:31:03]} {[%emt 00:00:50]} Rbf8 {[%clk
01:35:43]} {[%emt 00:00:19]} 27. Rf2 {[%clk 01:30:54]} {[%emt 00:00:39]} Kd7
{[%clk 01:34:54]} {[%emt 00:01:19]} 28. Rfe2 {[%clk 01:29:04]} {[%emt
00:02:20]} g5 {[%clk 01:35:06]} {[%emt 00:00:17]} 29. f5 {[%clk 01:26:57]}
{[%emt 00:02:38]} exf5 {[%clk 01:35:20]} {[%emt 00:00:16]} 30. Bd5 {[%clk
01:27:22]} {[%emt 00:00:05]} Rg7 {[%clk 01:35:28]} {[%emt 00:00:21]} 31. Re6
{[%clk 01:26:31]} {[%emt 00:01:22]} Bd6 {[%clk 01:35:33]} {[%emt 00:00:25]} 32.
Rh6 {[%clk 01:26:38]} {[%emt 00:00:22]} h4 {[%clk 01:35:56]} {[%emt 00:00:07]}
33. g4 {[%clk 01:26:52]} {[%emt 00:00:16]} fxg4 {[%clk 01:36:14]} {[%emt
00:00:12]} 34. Be6+ {[%clk 01:27:15]} {[%emt 00:00:07]} Kc7 {[%clk 01:36:38]}
{[%emt 00:00:07]} 35. Bxg4 {[%clk 01:27:38]} {[%emt 00:00:06]} Bg3 {[%clk
01:36:55]} {[%emt 00:00:13]} 36. Re2 {[%clk 01:26:05]} {[%emt 00:02:03]} Rgf7
{[%clk 01:36:49]} {[%emt 00:00:36]} 37. Rhe6 {[%clk 01:26:12]} {[%emt
00:00:23]} Rf2+ {[%clk 01:36:59]} {[%emt 00:00:20]} 38. Kg1 {[%clk 01:26:08]}
{[%emt 00:00:26]} Rf1+ {[%clk 01:37:21]} {[%emt 00:00:15]} 39. Kg2 {[%clk
01:26:35]} {[%emt 00:00:03]} R8f2+ {[%clk 01:37:45]} {[%emt 00:00:06]} 40. Rxf2
{[%clk 01:26:59]} {[%emt 00:00:06]} Rxf2+ {[%clk 01:38:08]} {[%emt 00:00:07]}
41. Kg1 {[%clk 01:27:26]} {[%emt 00:00:03]} Rxc2 {[%clk 01:38:28]} {[%emt
00:00:11]} 42. Re7+ {[%clk 01:27:35]} {[%emt 00:00:21]} Kb6 {[%clk 01:38:47]}
{[%emt 00:00:10]} 43. Re6+ {[%clk 01:27:51]} {[%emt 00:00:14]} Ka5 {[%clk
01:38:57]} {[%emt 00:00:20]} 44. Rc6 {[%clk 01:27:18]} {[%emt 00:01:04]} Rc3
{[%clk 01:38:12]} {[%emt 00:01:14]} 45. Bf5 {[%clk 01:26:31]} {[%emt 00:01:17]}
Kb5 {[%clk 01:36:34]} {[%emt 00:02:08]} 46. Rg6 {[%clk 01:25:32]} {[%emt
00:01:28]} Rc1+ {[%clk 01:35:56]} {[%emt 00:01:09]} 47. Kg2 {[%clk 01:25:58]}
{[%emt 00:00:05]} Rc2+ {[%clk 01:36:21]} {[%emt 00:00:05]} 48. Kf3 {[%clk
01:26:25]} {[%emt 00:00:03]} Rxa2 {[%clk 01:36:16]} {[%emt 00:00:35]} 49. Bd7+
{[%clk 01:26:50]} {[%emt 00:00:06]} Kb4 {[%clk 01:36:35]} {[%emt 00:00:10]} 50.
Rxg5 {[%clk 01:26:37]} {[%emt 00:00:43]} Rf2+ {[%clk 01:36:17]} {[%emt
00:00:48]} 51. Ke4 {[%clk 01:26:54]} {[%emt 00:00:13]} Re2 {[%clk 01:36:13]}
{[%emt 00:00:34]} 52. Kd5 {[%clk 01:27:09]} {[%emt 00:00:16]} Re3 {[%clk
01:35:49]} {[%emt 00:00:54]} 53. Bf5 {[%clk 01:27:09]} {[%emt 00:00:10]} Re5+
{[%clk 01:36:14]} {[%emt 00:00:24]} 54. Kc6 {[%clk 01:27:35]} {[%emt 00:00:04]}
Kxb3 {[%clk 01:36:33]} {[%emt 00:00:11]} 55. Rh5 {[%clk 01:26:02]} {[%emt
00:02:02]} a5 {[%clk 01:36:35]} {[%emt 00:00:29]} 56. Bg4 {[%clk 01:25:58]}
{[%emt 00:00:33]} Rxh5 {[%clk 01:36:55]} {[%emt 00:00:11]} 57. Bxh5 {[%clk
01:26:27]} {[%emt 00:00:01]} Kb4 {[%clk 01:37:03]} {[%emt 00:00:22]} 58. Bf7
{[%clk 01:26:40]} {[%emt 00:00:16]} a4 {[%clk 01:37:26]} {[%emt 00:00:08]} 59.
Bc4 {[%clk 01:27:02]} {[%emt 00:00:07]} a3 {[%clk 01:37:36]} {[%emt 00:00:21]}
60. Kd5 {[%clk 01:26:27]} {[%emt 00:01:05]} Bf2 {[%clk 01:37:39]} {[%emt
00:00:27]} 61. Kc6 {[%clk 01:26:32]} {[%emt 00:00:25]} Be3 {[%clk 01:37:50]}
{[%emt 00:01:32]} 62. Kd5 {[%clk 01:26:55]} {[%emt 00:00:08]} Bh6 {[%clk
01:38:12]} {[%emt 00:00:07]} 63. Ke4 {[%clk 01:27:19]} {[%emt 00:00:06]} Bf8
{[%clk 01:38:33]} {[%emt 00:00:09]} 64. Kf3 {[%clk 01:27:45]} {[%emt 00:00:04]}
Kc3 {[%clk 01:38:58]} {[%emt 00:00:05]} 65. Kg4 {[%clk 01:27:49]} {[%emt
00:00:26]} Be7 {[%clk 01:39:22]} {[%emt 00:00:05]} 66. Kf5 {[%clk 01:27:55]}
{[%emt 00:00:24]} Kb2 {[%clk 01:39:46]} {[%emt 00:00:07]} 67. Ke6 {[%clk
01:28:21]} {[%emt 00:00:04]} Bf8 {[%clk 01:39:53]} {[%emt 00:00:23]} 68. Kf7
{[%clk 01:28:45]} {[%emt 00:00:06]} Bh6 {[%clk 01:40:18]} {[%emt 00:00:04]} 69.
Kg6 {[%clk 01:29:12]} {[%emt 00:00:03]} Be3 {[%clk 01:40:41]} {[%emt 00:00:06]}
0-1

[Event "DEM U12 2023"]
[Site "Willingen GER"]
[Date "2023.05.28"]
[Round "2"]
[White "Prashanthakumar, Arju"]
[Black "Schmitz, Constantin"]
[Result "0-1"]
[Termination "normal"]
[Board "16"]
[WhiteElo "1291"]
[BlackElo "1577"]
[WhiteClock "00:05:02"]
[BlackClock "00:33:47"]
[PlyCount "79"]
[WhiteFideId "34604065"]
[BlackFideId "16274660"]
[EventCountry "GER"]
[EventRounds "9"]
[EventType "swiss"]
[EventDate "2023.05.27"]

1. e4 {[%clk 01:30:58]} {[%emt 00:00:02]} c5 {[%clk 01:30:44]} {[%emt
00:00:16]} 2. Nf3 {[%clk 01:31:10]} {[%emt 00:00:18]} Nc6 {[%clk 01:30:53]}
{[%emt 00:00:21]} 3. d4 {[%clk 01:31:12]} {[%emt 00:00:29]} cxd4 {[%clk
01:31:16]} {[%emt 00:00:07]} 4. Nxd4 {[%clk 01:31:34]} {[%emt 00:00:07]} g6
{[%clk 01:30:56]} {[%emt 00:00:50]} 5. c4 {[%emt 00:02:34]} Bg7 {[%clk
01:30:20]} 6. Be3 {[%clk 01:29:36]} {[%emt 00:01:30]} Nf6 {[%clk 01:29:24]}
{[%emt 00:01:26]} 7. Nc3 {[%clk 01:27:32]} {[%emt 00:02:35]} d6 {[%clk
01:27:08]} {[%emt 00:02:46]} 8. f3 {[%clk 01:25:45]} {[%emt 00:02:16]} Bd7
{[%clk 01:26:11]} {[%emt 00:01:28]} 9. Be2 {[%clk 01:24:13]} {[%emt 00:02:02]}
O-O {[%clk 01:25:11]} {[%emt 00:01:30]} 10. O-O {[%clk 01:23:25]} {[%emt
00:01:17]} a5 {[%clk 01:25:35]} {[%emt 00:00:07]} 11. Qd2 {[%clk 01:17:02]}
{[%emt 00:06:52]} Nxd4 {[%clk 01:25:55]} {[%emt 00:00:11]} 12. Bxd4 {[%clk
01:17:22]} {[%emt 00:00:10]} Bc6 {[%clk 01:24:41]} {[%emt 00:01:44]} 13. a3
{[%clk 01:11:23]} {[%emt 00:06:29]} a4 {[%clk 01:23:56]} {[%emt 00:01:14]} 14.
Nd5 {[%clk 01:07:14]} {[%emt 00:04:39]} Nd7 {[%clk 01:20:21]} {[%emt 00:04:05]}
15. Rfd1 {[%clk 00:59:50]} {[%emt 00:07:54]} Nc5 {[%clk 01:17:17]} {[%emt
00:03:34]} 16. Bxg7 {[%clk 00:53:07]} {[%emt 00:07:12]} Kxg7 {[%clk 01:17:38]}
{[%emt 00:00:09]} 17. Qc3+ {[%clk 00:51:47]} {[%emt 00:01:49]} Kg8 {[%clk
01:17:08]} {[%emt 00:01:01]} 18. e5 {[%clk 00:47:43]} {[%emt 00:04:35]} Bxd5
{[%clk 01:16:10]} {[%emt 00:01:28]} 19. Rxd5 {[%clk 00:46:44]} {[%emt
00:01:30]} Nb3 {[%clk 01:11:31]} {[%emt 00:05:09]} 20. Rad1 {[%clk 00:41:53]}
{[%emt 00:05:20]} Qb6+ {[%clk 01:09:20]} {[%emt 00:02:42]} 21. Kf1 {[%clk
00:39:56]} {[%emt 00:02:26]} dxe5 {[%clk 01:03:18]} {[%emt 00:06:32]} 22. Qxe5
{[%clk 00:36:40]} {[%emt 00:03:45]} e6 {[%clk 01:02:36]} {[%emt 00:01:13]} 23.
Rd6 {[%clk 00:31:45]} {[%emt 00:05:24]} Qc5 {[%clk 01:00:53]} {[%emt 00:02:13]}
24. Qf6 {[%clk 00:26:27]} {[%emt 00:05:44]} Qh5 {[%clk 00:56:37]} {[%emt
00:04:51]} 25. h4 {[%clk 00:23:24]} {[%emt 00:03:33]} Rac8 {[%clk 00:51:45]}
{[%emt 00:05:22]} 26. Rd7 {[%clk 00:19:46]} {[%emt 00:04:08]} b6 {[%clk
00:50:19]} {[%emt 00:01:57]} 27. Ra7 {[%clk 00:18:05]} {[%emt 00:02:10]} Ra8
{[%clk 00:48:52]} {[%emt 00:01:55]} 28. Rxa8 {[%clk 00:17:01]} {[%emt
00:01:36]} Rxa8 {[%clk 00:49:14]} {[%emt 00:00:08]} 29. g4 {[%clk 00:15:17]}
{[%emt 00:02:13]} Qc5 {[%clk 00:47:53]} {[%emt 00:01:51]} 30. g5 {[%clk
00:13:52]} {[%emt 00:01:56]} Qc7 {[%clk 00:44:41]} {[%emt 00:03:42]} 31. Kg2
{[%clk 00:12:24]} {[%emt 00:01:57]} Re8 {[%clk 00:44:06]} {[%emt 00:01:06]} 32.
Rh1 {[%clk 00:12:01]} {[%emt 00:00:53]} Rd8 {[%clk 00:43:50]} {[%emt 00:00:47]}
33. h5 {[%clk 00:09:14]} {[%emt 00:03:16]} gxh5 {[%clk 00:35:44]} {[%emt
00:08:36]} 34. Rxh5 {[%clk 00:08:20]} {[%emt 00:01:24]} Nd4 {[%clk 00:34:06]}
{[%emt 00:02:06]} 35. Qh6 {[%clk 00:07:24]} {[%emt 00:01:28]} Nxe2 {[%clk
00:34:04]} {[%emt 00:00:32]} 36. Qxh7+ {[%clk 00:06:31]} {[%emt 00:01:23]} Kf8
{[%clk 00:33:59]} {[%emt 00:00:35]} 37. g6 {[%clk 00:05:48]} {[%emt 00:01:13]}
Nf4+ {[%clk 00:34:04]} {[%emt 00:00:24]} 38. Kf2 {[%clk 00:05:13]} {[%emt
00:01:06]} Nxh5 {[%clk 00:33:23]} {[%emt 00:01:11]} 39. Qxh5 {[%clk 00:05:02]}
{[%emt 00:00:41]} Qc5+ {[%clk 00:33:47]} {[%emt 00:00:06]} 40. b3 {[%emt
00:00:44]} 0-1